1124 1228 1114 1597 1790 1996 1063 1184 1715 1418 1988 1674 1253 1315 1442 1946 1331 1137 1425 1544 1035 1575 1316 1131 1405 1849 1501 1583 1715 1129 1291 1723 1249 1067 1595 1890 1151 1728 1224 1497 1409 1021 1869 1664 1502 1742 1868 1415 1325 1792 1094 1549 1145 1713 1135 1999 1556 1454 1624 1009 1911 1919 1215 1896 1817 1459 1368 1156 1284 1884 1079 1963 1903 1059 1534 1652 1820 1222 1905 1574 1805 1632 1040 1688 1659 1744 1454 1372 1123 1883 1501 1100 1105 1355 1441 1731 1963 1419 1152 BCNSPRNW ULIB Ver.6.0+V

เปลี่ยนเป็นภาษาไทย

Change to English
 แสดงรายละเอียดบรรณานุกรม
  กลับหน้าหลัก

Brief Record : Get Marc (ISO 2709) : E-mail record : QR code < ปิดหน้าต่าง
LEADER : 00000nam 2200000uu 4500
001    13399123066
003     ULIB
008    020711s2552 th a 000 0 tha d
060  4 WC534^bก169ร
110    กระทรวงสาธารณสุข.^bกรมควบคุมโรค.
245    เราคือผู้พิชิต โรคไข้เลือดออก/^cกรมควบคุมโรค.
260    นนทบุรี :^bกรมควบคุมโรค.,^c2552
300    32 หน้า
650    ไข้เลือดออก^xป้องกัน
945    ^p0^l0^i20281
945    ^p0^l0^i20282
945    ^p0^l0^i20283
945    ^p0^l0^i20284
945    ^p0^l0^i20285
945    ^p0^l0^i20286
945    ^p0^l0^i20287
945    ^p0^l0^i20288
945    ^p0^l0^i20289
945    ^p0^l0^i20290
999    ^aทศพร เกษรทอง
รายการนี้ยังไม่มีแท็ก
คุณยังไม่ได้ล็อกอิน คุณสามารถมีกิจกรรมร่วมกับเว็บไซต์ได้ แต่ต้องล็อกอินก่อน ::
  ล็อกอิน

รายการสื่อสารสนเทศ

ลำดับที่ ประเภท เลขเรียก/บาร์โค้ด สถานที่ สถานะ
- ไม่พบข้อมูล -

BibComment


ยังไม่เคยถูกคอมเมนท์

คอมเมนท์ทรัพยากรรายการนี้
  คอมเมนท์: เราคือผู้พิชิต โร..


 Copyright 2026. Bcnsprnw @Library